000 00729nam a2200217 i 4500
001 147210
003 ES-MaACL
007 t|
008 070924s1976 sp ||||1| spa d
080 _a946"1931/39"
100 0 _aTuñón de Lara, Manuel,
_d1915-1997
_9111681
245 1 3 _aLa II República... /
_cpor Manuel Tuñón de Lara.
250 _a[3ª ed.].
260 _a[Madrid, etc.] :
_bSiglo Veintiuno,
_c[1976]
300 _a2 v. ;
_c18 cm.
490 1 _aEstudios de Historia Contemporánea S. XXI
651 4 _aEspaña-
_xHistoria-
_y1931-1939 (II República)
_98283
830 0 0 _aEstudios de historia contemporánea (Siglo XXI)
_9181254
852 _aES-MaACL
_jL-3766-7
_bR.104684
999 _c147210
_d147210